Country by Picture Clue - Statistics

General Stats
  • This quiz has been taken 31 times
    30 since last reset
  • The average score is 5 of 11
Answer Stats
Picture Answer % Correct
Turkey
96%
China
69%
Jordan
65%
Brazil
42%
Chile
42%
Morocco
42%
Finland
38%
Greenland
38%
Greece
27%
Laos
12%
Cyprus
4%
No matching quizzes found
Score Distribution
Percent of People with Each Score
Percentile by Number Answered
Your Score History
You have not taken this quiz since the last reset